| 000 | 005380000a22001810004500 | ||
|---|---|---|---|
| 003 | MACL | ||
| 005 | 20160524170357.0 | ||
| 008 | 160524b xxu||||| |||| 00| 0 eng d | ||
| 040 |
_aMACL _cMACL |
||
| 041 | _aHindi | ||
| 082 | _a891.433 CHA | ||
| 100 |
_aशरतचन्द्र _959219 |
||
| 245 |
_aकमला _cशरतचन्द्र |
||
| 260 |
_bआर. के. पब्लिशर्स _c2002 _aनई दिल्ली |
||
| 350 | _a150 | ||
| 650 |
_aNovel _959220 |
||
| 942 |
_cHIN _k891.433/CHA / N _2ddc |
||
| 999 |
_c10283 _d10283 |
||